| 000 | 00729cab a2200217 4500 | ||
|---|---|---|---|
| 001 | WB3043-04 | ||
| 008 | 090401t1994 xxu||||| |||| 00| 0 eng d | ||
| 035 | _a(Sirsi) u3958 | ||
| 041 | _aeng | ||
| 245 | _aClient to guarantee contractor`s payment | ||
| 260 | _c1994 | ||
| 350 | _a0 | ||
| 490 |
_aBuilding _v259(7869) 18 November 1994, 12(1) |
||
| 520 | _aA Hereford-based developer, Flyton, is to be the first UK client to guarantee contractors` payments by putting contract sums into a trust fund as recommended in the Latham Report. | ||
| 650 | _aCONTRACTORS PAYMENTS | ||
| 650 | _aLATHAM REFORMS | ||
| 650 | _aTRUST FUNDS | ||
| 690 | _aBUILT ENVIRONMENT-BUILDING CONTRACT FORMS | ||
| 942 | _n0 | ||
| 948 | _c04/03/1997 | ||
| 999 |
_c2379 _d2379 |
||